000 00442nam a2200157Ia 4500
008 240729s9999 xx 000 0 und d
022 _a2198-7823
245 0 _aInternational Journal of Coal Science & Technology
260 _aGermany
260 _bSpringerOpen
650 _a Mining engineering. Metallurgy
650 _aTechnology
856 _uhttps://doaj.org/toc/81a35e622b894582b436a13f69f74a3e
942 _2ddc
942 _cDOAJEJ
999 _c70179
_d70179
945 _a1
_bMadushi Gamage
_c1
_dMadushi Gamage